000 00966nam a2200241 a 4500
001 000006181
005 20200929151949.0
008 790907s1978 sp b 000 0 spa
020 _a8421102109 :
_c225ptas
040 _aDO-SdBNP
_bSPA
_cBNPHU
_dDLC
082 _a861.09
_bY958f, 1978
100 1 _aYurkievich, Saul.
_d1931-2005.
_917322
245 1 0 _aFundadores de la nueva poesía latinoamericana :
_bVallejo, Huidobro, Borges, Neruda, Paz /
_cSaul Yurkievich.
250 _a3a ed.
260 _aBarcelona :
_bBarral Editores,
_c1978.
300 _a286 p. ;
_c20 cm.
490 1 _aBreve Biblioteca de Respuesta :
_pSeries de Respuesta ;
_vno. 10
504 _aIncluye referencias bibliográficas.
650 4 _aPoesía latinoamericana
_xHistoria y crítica
_917323
650 4 _aLiteratura latinoamericana
_xHistoria y crítica
_95706
830 0 _aBreve Biblioteca de Respuesta :
_pSeries de Respuesta ;
_vno. 10
_917324
910 _aCatalogación original noche / LC
999 _c5976
_d5976